000 00780nam a22002417a 4500
999 _c1151
_d1151
003 AR-CdUCM
008 190226b ||||| |||| 00| 0 spa d
020 _a9681616707
040 _aMUNICIPALIDAD PROVINCIAL DEL CUSCO
_cBIBLIOTECA MUNICIPAL DEL CUSCO
082 _a869.1 /
_bM16
100 _aMagaña, Sergio
_94513
245 _aLos signos del zodiaco /
_aLos frutos caídos /
_aLas cosas simple /
260 _aMéxico :
_bFondo de cultura económica,
_c1984.
300 _a267 páginas ;
_c21 cm.
440 _aLecturas mexicanas.
_n42
_94514
650 _aLiteratura mexicana
_92532
650 _aTeatro
_9173
650 _aTeatro siglo XX
_92960
700 _aHernández, Luisa Josefina
_94515
700 _aMendoza, Héctor
_94516
942 _2ddc
_cLIBROS
945 _azta